Riconosci il Calciatore - Quiz n°1168 - Statistics

Statistiche generali
  • Questo quiz è stato fatto 10 volte
  • Il punteggio medio è 17 su 22
Statistiche sulle risposte
Indizio Risposta % Corretto
Ruolo Centrocampista / Attaccante
100%
Nazionalità Francia
100%
Squadra di club 3 Metz 2 1992-1993
100%
Squadra di club 1 Stade Reims 2 1990-1991
100%
Data di nascita 29/10/1973
88%
Squadra di club 6 Arsenal 2000-2006
88%
Squadra di club 7 Villarreal 2006-2010
88%
Gol nei club 173
75%
Altezza 185 cm
75%
Peso 75 kg
75%
Squadra di club 8 Aston Villa 2010-2011
75%
Squadra di club 9 FC Goa 2014-2014
75%
Squadra di club 4 Metz 1992-1998
75%
Squadra di club 5 Olympique Marsiglia 1998-2000
75%
Squadra di club 2 Stade Reims 1991-1992
75%
Trofei individuali Trophées UNFP du football: 1
Miglior giovane della Division 1: 1996
Pallone d'oro della FIFA Confederations Cup: 1
2001
Scarpa d'oro della FIFA Confederations Cup: 1
2001 (2 gol)
Giocatore dell'anno della FWA: 1
2002
75%
Gol in nazionale 14
63%
Presenze nei club 753
63%
Presenze in nazionale 79
63%
Trofei per nazionali Campionato mondiale: 1
Francia 1998
Campionato d'Europa: 1
Belgio-Paesi Bassi 2000
Confederations Cup: 2
Corea del Sud-Giappone 2001, France 2003
63%
Trofei per club Coppa di Lega francese: 1
Metz: 1995-1996
Campionato inglese: 2
Arsenal: 2001-2002, 2003-2004
Coppa d'Inghilterra: 3
Arsenal: 2001-2002, 2002-2003, 2004-2005
Community Shield: 2
Arsenal: 2002, 2004
63%
Calciatore Robert Pirès
63%
Nessun quiz corrispondente trovato
Distribuzione punteggi
Percentuale di utenti per punteggio
Percentile per numero di risposta
I tuoi punteggi nel tempo
Non hai fatto questo quiz